Largest Universities by state - Statistics

General Stats
  • This quiz has been taken 59 times
    21 since last reset
  • The average score is 43 of 50
Answer Stats
State University % Correct
KY University of Kentucky
100%
WV University of West Virginia
100%
LA Louisiana State University
95%
MI Michigan State University
95%
AK University of Alaska
95%
AR University of Arkansas
95%
CO University of Colorado
95%
GA University of Georgia
95%
HI University of Hawaii, Manoa
95%
IL University of Illinois
95%
IA University of Iowa
95%
KS University of Kansas
95%
MD University of Maryland
95%
MN University of Minnesota
95%
MO University of Missouri
95%
NM University of New Mexico
95%
OK University of Oklahoma
95%
SC University of South Carolina
95%
TN University of Tennessee
95%
VT University of Vermont
95%
WA University of Washington
95%
WI University of Wisconsin
95%
WY University of Wyoming
95%
AZ Arizona State University
90%
IN Indiana University
90%
OH Ohio State University
90%
SD South Dakota State University
90%
AL University of Alabama
90%
CA University of California, Los Angeles
90%
CT University of Connecticut
90%
DE University of Delaware
90%
ME University of Maine
90%
NE University of Nebraska
90%
NH University of New Hampshire
90%
RI University of Rhode Island
90%
NC North Carolina State University
85%
OR Oregon State University
85%
PA Pennsylvania State University
85%
MA University of Massachusetts
85%
ND University of North Dakota
85%
MS Mississippi State University
80%
MT Montana State University
80%
NJ Rutgers University
80%
ID Boise State University
75%
NY New York University
75%
TX Texas A&M University
75%
NV University of Nevada, Las Vegas
75%
FL University of Central Florida
70%
UT Utah Valley University
15%
VA Liberty University
10%
No matching quizzes found
Score Distribution
Percent of People with Each Score
Percentile by Number Answered
Your Score History
You have not taken this quiz since the last reset